Library of the University of Algiers 3
Ibrahim Sultan Cheibout
شعار جامعة الجزائر 3
مكتبة جامعة الجزائر 3
إبراهيم سلطان شيبوط

الوظائف الاستراتيجية في إدارة الموارد البشرية / (رقم التسجيلة. 44071)

تفاصيل مارك
000 -LEADER
fixed length control field 01413nam a2200253Ia 4500
003 - CONTROL NUMBER IDENTIFIER
control field Ost
005 - DATE AND TIME OF LATEST TRANSACTION
control field 20260507075338.0
008 - FIXED-LENGTH DATA ELEMENTS--GENERAL INFORMATION
fixed length control field 260507s9999||||xx |||||||||||||| ||und||
020 ## - INTERNATIONAL STANDARD BOOK NUMBER
International Standard Book Number 9789957722935
040 ## - CATALOGING SOURCE
Transcribing agency fsecg
041 ## - LANGUAGE CODE
Language code of text/sound track or separate title ara
082 ## - DEWEY DECIMAL CLASSIFICATION NUMBER
Classification number 330
100 ## - MAIN ENTRY--PERSONAL NAME
Personal name العزاوي، نجم عبد الله
Relator term مؤلف
245 #0 - TITLE STATEMENT
Title الوظائف الاستراتيجية في إدارة الموارد البشرية /
Statement of responsibility, etc. نجم عبد الله العزاوي
260 ## - PUBLICATION, DISTRIBUTION, ETC.
Place of publication, distribution, etc. عمان:
Name of publisher, distributor, etc. اليازوري للنشر والتوزيع,
Date of publication, distribution, etc. 2010
300 ## - PHYSICAL DESCRIPTION
Extent 543 صفحة؛
Other physical details إيضاحات ؛
Dimensions 25 سم
520 ## - SUMMARY, ETC.
Summary, etc. تحليل الوظائف و تصميمها و تخطيط الموارد البشرية ، استقطاب و اختيار و تعيين التوظيف ، الأجور و الرواتب و التدريب و تقييم الوظائف ، التحفيز و الرضا الوظيفي و تقييم الأداء ، المناخ و الولاء التنظيمي و صيانة الموظف ، العلاوة و الترقية و النقل و أخيرا انتهاء خدمة الموظف و احالته على التقاعد
653 ## - INDEX TERM--UNCONTROLLED
Uncontrolled term إدارة الموارد البشرية
653 ## - INDEX TERM--UNCONTROLLED
Uncontrolled term القوى العاملة
653 ## - INDEX TERM--UNCONTROLLED
Uncontrolled term الموارد البشرية
653 ## - INDEX TERM--UNCONTROLLED
Uncontrolled term لإدارة الأفراد
700 ## - ADDED ENTRY--PERSONAL NAME
Personal name حسين، جواد عباس
Relator term مؤلف ثانوي
942 ## - ADDED ENTRY ELEMENTS (KOHA)
Koha item type كتب
المقتنيات
Withdrawn status Lost status Source of classification or shelving scheme Damaged status Not for loan Home library Current library Date acquired Serial enumeration / chronology Inventory number Total checkouts Full call number Barcode Date last seen Price effective from Koha item type
    Dewey Decimal Classification   NOT LOAN / إعارة داخلية مكتبة كلية العلوم الإقتصادية والعلوم التجارية وعلوم التسيير مكتبة كلية العلوم الإقتصادية والعلوم التجارية وعلوم التسيير 07/05/2026 الطابق الأرضي 22464   أ/4101ن1 22464 07/05/2026 07/05/2026 كتب
    Dewey Decimal Classification   Available مكتبة كلية العلوم الإقتصادية والعلوم التجارية وعلوم التسيير مكتبة كلية العلوم الإقتصادية والعلوم التجارية وعلوم التسيير 07/05/2026 الطابق الأرضي 22465   أ/4101ن2 22465 07/05/2026 07/05/2026 كتب
    Dewey Decimal Classification   Available مكتبة كلية العلوم الإقتصادية والعلوم التجارية وعلوم التسيير مكتبة كلية العلوم الإقتصادية والعلوم التجارية وعلوم التسيير 07/05/2026 الطابق الأرضي 22466   أ/4101ن3 22466 07/05/2026 07/05/2026 كتب
    Dewey Decimal Classification   Available مكتبة كلية العلوم الإقتصادية والعلوم التجارية وعلوم التسيير مكتبة كلية العلوم الإقتصادية والعلوم التجارية وعلوم التسيير 07/05/2026 الطابق الأرضي 22467   أ/4101ن4 22467 07/05/2026 07/05/2026 كتب
    Dewey Decimal Classification   Available مكتبة كلية العلوم الإقتصادية والعلوم التجارية وعلوم التسيير مكتبة كلية العلوم الإقتصادية والعلوم التجارية وعلوم التسيير 07/05/2026 الطابق الأرضي 22468   أ/4101ن5 22468 07/05/2026 07/05/2026 كتب
    Dewey Decimal Classification   Available مكتبة كلية العلوم الإقتصادية والعلوم التجارية وعلوم التسيير مكتبة كلية العلوم الإقتصادية والعلوم التجارية وعلوم التسيير 07/05/2026 الطابق الثاني 22469   أ/4101ن6 22469 07/05/2026 07/05/2026 كتب
    Dewey Decimal Classification   Available مكتبة كلية العلوم الإقتصادية والعلوم التجارية وعلوم التسيير مكتبة كلية العلوم الإقتصادية والعلوم التجارية وعلوم التسيير 07/05/2026 الطابق الثاني 22470   أ/4101ن7 22470 07/05/2026 07/05/2026 كتب
    Dewey Decimal Classification   Available مكتبة كلية العلوم الإقتصادية والعلوم التجارية وعلوم التسيير مكتبة كلية العلوم الإقتصادية والعلوم التجارية وعلوم التسيير 07/05/2026 مكتبة بن عكنون 22471   أ/4101ن8 22471 07/05/2026 07/05/2026 كتب
    Dewey Decimal Classification   Available مكتبة كلية العلوم الإقتصادية والعلوم التجارية وعلوم التسيير مكتبة كلية العلوم الإقتصادية والعلوم التجارية وعلوم التسيير 07/05/2026 مكتبة بن عكنون 22472   أ/4101ن9 22472 07/05/2026 07/05/2026 كتب

موارد الويب المفتوحة


© University of Algiers 3 All Rights Reserved
|
Implemented by LECHELAH Riad